Записка бывшего профессора Харьковского университета Ивана Васильевича Платонова о мерах борьбы с революционным движением

RUSMARC
00004914nac2a22003253x 450
0019df274b5-7bf9-4271-9e49-1d863144c1ec
00520240819154921.0
100##$a20240716l1881 k y0rusy50 ca
1010#$arus
102##$aRU
105##$ay z |||||
1220#$ad18810320
2001#$aЗаписка бывшего профессора Харьковского университета Ивана Васильевича Платонова о мерах борьбы с революционным движением
$j20.03.1881
215##$a3 листа
$d33,2 х 24,2
251##$cДело
300##$aРукописный текст
325##$aЗамикрофильмировано
330##$aВходит в раздел описи: Материалы, относящиеся к деятельности Лорис-Меликова М. Т. в Верховной Распорядительной Комиссии
461#0$1001cda3d175-ae4a-411a-8dea-9cc20fb178f6
$12001
$aЛорис-Меликов Михаил Тариелович, граф, министр внутренних дел, главный начальник "верховной распорядительной комиссии по охранению государственного порядка и общественного спокойствия", генерал от кавалерии
$1251
$cФонд
$1852
$j569
462#0$1001163e060a-d7cc-404d-90ee-e28c9801971b
$12001
$aОпись дел фонда М. Т. Лорис-Меликова за 1858-1915 гг.
$vД. 45
$1251
$cОпись
$1852
$j1
600#1$aПлатонов
$bИ. В.
$gИван Васильевич
60102$3RU\NLR\AUTH\889921299
$aХарьковский университет
605##$3DITM\AF\0000002775
$aВласть
$lколлекция
$2acquisition_prlib
6101#$aРеволюционное движение
$aМеры борьбы
686##$a63.3(2)535-332ю1
$cИстория
$2rubbk
686##$a67.400.6ю1
$cПраво
$2rubbk
700#1$aПлатонов
$bИ. В.
$gИван Васильевич
801#0$aRU
$bGA_RF
801#1$aRU
$bГлавНИВЦ
$c20240716
$2rusmarc
801#2$aRU
$bПБ им. Б.Н. Ельцина
$c20240819
$gRCR
$2rusmarc
852##$aГА РФ
$j45
937##$d193618968
$hГАРФ
035##$aRuPRLIB51076396
856##$uhttp://readingroom.main.prlib.ru/item.aspx?id_node=n193618968&mode=full
Формат отображения